| 000 | 01190nam a2200325 i 4500 | ||
|---|---|---|---|
| 001 | 000017827 | ||
| 003 | DO-SdBNP | ||
| 005 | 20241022094726.0 | ||
| 007 | ta | ||
| 008 | 100406t19uu dr ac 001 0bspa d | ||
| 040 |
_aDO-SdBNP _bspa _cBNPHU _erda |
||
| 082 | 4 |
_a327.7293092 _bC614r _222 |
|
| 100 | 1 |
_aClase, Pablo, _d1953- _eautor _qClase, Pablo, hijo _4aut. _938727 |
|
| 245 | 1 | 0 |
_aRubi : _bla vida de Porfirio Rubirosa / _cPablo Clase ; prólogo, Pedro René Contín Aybar. |
| 260 |
_aSanto Domingo : _bCosmos, _c[19--?]. |
||
| 264 | 4 |
_bEditora Cosmos, _c19--?. |
|
| 300 |
_a191 páginas : _bilustraciones, retratos ; _c20 cm. |
||
| 336 |
_atexto _btxt _2rdacontent |
||
| 337 |
_asin mediación _bn _2rdamedia |
||
| 338 |
_avolumen _bnc _2rdacarrier |
||
| 500 | _aIncluye datos biográficos del autor. | ||
| 504 | _aBibliografía : páginas 187-191. | ||
| 590 | _aInventariado, 2018/BT | ||
| 600 | 1 | 4 |
_aRubirosa, Porfirio, _d1909-1965 _97030 |
| 650 | 4 |
_aDiplomáticos dominicanos _xBiografías _934346 |
|
| 650 | 4 |
_aCelebridades _xBiografías _97033 |
|
| 700 | 1 |
_aContín Aybar, Pedro René, _eprologuista _4pr. _923772 |
|
| 910 | _aValidado. Control de calidad. EMS | ||
| 942 |
_2ddc _cLBS1 |
||
| 999 |
_c17351 _d17351 |
||